Тариель Мамедов: в неиссякаемом потоке новых идей (Record no. 433)

MARC details
000 -LEADER
fixed length control field 02484nam a22003497a 4500
003 - CONTROL NUMBER IDENTIFIER
control field OSt
005 - DATE AND TIME OF LATEST TRANSACTION
control field 20260513083005.0
008 - FIXED-LENGTH DATA ELEMENTS--GENERAL INFORMATION
fixed length control field 260513b |||||||| |||| 00| 0 aze d
020 ## - INTERNATIONAL STANDARD BOOK NUMBER
International Standard Book Number 9789952461749
040 ## - CATALOGING SOURCE
Original cataloging agency AZ-XaKU
Language of cataloging rus
Transcribing agency AZ-XaKU
041 0# - LANGUAGE CODE
Language code of text/sound track or separate title rus
-- aze
050 14 - LIBRARY OF CONGRESS CALL NUMBER
Classification number ML423 .M31116 .P299 2019
100 1# - MAIN ENTRY--PERSONAL NAME
Personal name Пазычева, Инна,
Relator term автор.
245 10 - TITLE STATEMENT
Title Тариель Мамедов: в неиссякаемом потоке новых идей
Statement of responsibility, etc. / Инна Пазычева
264 ## - PRODUCTION, PUBLICATION, DISTRIBUTION, MANUFACTURE, AND COPYRIGHT NOTICE
Place of production, publication, distribution, manufacture Баку:
Name of producer, publisher, distributor, manufacturer Типография OL MMC,
Date of production, publication, distribution, manufacture, or copyright notice 2019.
300 ## - PHYSICAL DESCRIPTION
Extent 496 с. ;
Dimensions 24.5 см.
336 ## - CONTENT TYPE
Content type term text
Content type code txt
Source rdacontent
337 ## - MEDIA TYPE
Media type term unmediated
Media type code n
Source rdamedia
338 ## - CARRIER TYPE
Carrier type term volume
Carrier type code nc
Source rdacarrier
505 0# - Formatted Contents Note
Formatted contents note Путь к профессионализму -- Очерки, статьи о жизни и творчестве, интервью
520 ## - SUMMARY, ETC.
Summary, etc. Книга посвящена 70-летнему юбилею Заслуженного деятеля искусств Азербайджана, доктора искусствоведения, профессора Тариеля Мамедова. В ней впервые освещается его многогранная творческая деятельность, как ученого, педагога, музыкально-общественного деятеля, главного редактора и издателя научно-педагогического, критико-публицистического, культурно-просветительского международного журнала "Musiqi Dünyası".
521 ## - TARGET AUDIENCE NOTE
Target audience note Книга предназначена для широкого круга читателей-профессионалов и любителей музыки.
546 ## - LANGUAGE NOTE
Language note Текст представлен на русском и азербайджанском языках.
600 ## - SUBJECT ADDED ENTRY--PERSONAL NAME
Source of heading or term AZ-XaKU
Personal name Мамедов, Тариель,
Dates associated with a name 1949 - .
650 #7 - SUBJECT ADDED ENTRY--TOPICAL TERM
Source of heading or term AZ-XaKU
Topical term or geographic name entry element Музыковеды
Geographic subdivision Азербайджан
General subdivision Жизнь и творчество
655 ## - INDEX TERM--GENRE/FORM
Source of term AZ-XaKU
Genre/form data or focus term Биография
700 1# - ADDED ENTRY--PERSONAL NAME
Personal name Гулиев, Н.А.,
Relator term научный редактор.
710 1# - ADDED ENTRY--CORPORATE NAME
Corporate name or jurisdiction name as entry element Министерство образования Азербайджанской республики.
710 2# - ADDED ENTRY--CORPORATE NAME
Corporate name or jurisdiction name as entry element Бакинская Музыкальная Академия им. Узеира Гаджибейли.
942 ## - ADDED ENTRY ELEMENTS (KOHA)
Koha item type Book
Holdings
Withdrawn status Lost status Source of classification or shelving scheme Damaged status Not for loan Collection Home library Current library Date acquired Total checkouts Full call number Barcode Date last seen Copy number Price effective from Koha item type
    Library of Congress Classification     Fine Arts Collection Karabakh University Main Library Karabakh University Art Library 05/13/2026   ML423 .M31116 .P299 2019 0000001204 05/13/2026 1 05/13/2026 Book
    Library of Congress Classification     Fine Arts Collection Karabakh University Main Library Karabakh University Art Library 05/13/2026   ML423 .M31116 .P299 2019 c.2 0000001205 05/13/2026 2 05/13/2026 Book